00875 2200301 4500001002100000005001500021035002000036007000300056040001600059100003000075245011100105250001300216300003300229020002200262041000800284082000800292084001400300090001800314264003100332336002100363337003000384338002300414650002400437850001000461008004100471700002200512700003900534INLIS00000000000449320260525113552 a0010-0122000125ta aSPBUPDbind0 aBobbi DePorterePengarang1 aQuantum Writer :bMenulis dengan Mudah, Fun, dan Hasil Memuaskan /cBobbi DePorter;Penyunting, Budhyastuti a.-Cet. 2 a84 hal. :billus. ;c20,5 cm a978-979-1284-25-7 aind a070 a070 BOB q a310 SUP m 6-8 a.--Bandung :bKaifa,c2009 2rdacontentaTeks 2rdamediaaTanpa Perantara 2rdacarrieravolume 4aMenulis Lebih Mudah aPUPAD260525 0 0 aLovelyePengarang0 aPenyunting, BudhyastutiePengarang